| 000 | 00382pam a2200133 a 4500 | ||
|---|---|---|---|
| 020 |
_a978-1-4018-3783-6 _c |
||
| 041 | _h | ||
| 082 |
_a617.6 _bDIE |
||
| 100 |
_aDietz , _eBourquignon. |
||
| 245 |
_aMaterials and Procedures for Today`s Dental Assistant With CD-Rom _hTextual Documents |
||
| 260 |
_a[s.l]: _bDelmar Thamson Learning, _c2002. |
||
| 300 |
_a269: _c23.5*19. |
||
| 930 | _a2555 | ||
| 999 |
_c41943 _d41943 |
||